000
00302nam a2200121Ia 4500
008
190216s9999||||xx |||||||||||||| ||und||
100
_a
Finar I L
245
0
_a
Organic Chemistry Vol 1
260
_b
The English Language Book Society
_c
1973
300
_a
964p
650
_a
Organic Chemistry
942
_c
BK
999
_c
2493
_d
2493